Mío Jardiel (Record no. 10341)

MARC details
000 -LEADER
campo de control de longitud fija 00878nam a2200253 i 4500
001 - NÚMERO DE CONTROL
campo de control 10341
003 - IDENTIFICADOR DE NÚMERO DE CONTROL
campo de control ES-MaACL
005 - FECHA Y HORA DE LA ÚLTIMA TRANSACCIÓN
campo de control 20231213062934.0
007 - CAMPO FIJO DE DESCRIPCIÓN FÍSICA--INFORMACIÓN GENERAL
campo de control de longitud fija t|
008 - DATOS DE LONGITUD FIJA--INFORMACIÓN GENERAL
campo de control de longitud fija 950510s1993 sp ||||1| spa d
020 ## - NÚMERO INTERNACIONAL ESTÁNDAR DEL LIBRO
Número Internacional Estándar del Libro 84-604-7121-7
080 ## - NÚMERO DE LA CLASIFICACIÓN DECIMAL UNIVERSAL
Número de la Clasificación Decimal Universal 92 Jardiel Poncela, Enrique
080 ## - NÚMERO DE LA CLASIFICACIÓN DECIMAL UNIVERSAL
Número de la Clasificación Decimal Universal 86(Jardiel Poncela,R.):92
100 1# - ENTRADA PRINCIPAL--NOMBRE DE PERSONA
Nombre de persona Flórez, Rafael,
Fechas asociadas al nombre 1926-2019
9 (RLIN) 51311
245 10 - MENCIÓN DEL TÍTULO
Título Mío Jardiel
Resto del título : (Jardiel Poncela está debajo de un almendro en flor) /
Mención de responsabilidad, etc. Rafael Flórez, "El Alfaqueque".
250 ## - MENCION DE EDICION
Mención de edición [2a ed.].
260 ## - PUBLICACIÓN, DISTRIBUCIÓN, ETC.
Lugar de publicación, distribución, etc. Madrid :
Nombre del editor, distribuidor, etc. Rafael Flórez,
Fecha de publicación, distribución, etc. D.L. 1993.
300 ## - DESCRIPCIÓN FÍSICA
Extensión XXIV, 367 p. :
Otras características físicas il. ;
Dimensiones 17 cm.
490 1# - MENCIÓN DE SERIE
Mención de serie Alfaquequerías ;
Designación de volumen o secuencia 1
600 14 - PUNTO DE ACCESO ADICIONAL DE MATERIA--NOMBRE DE PERSONA
Nombre de persona Jardiel Poncela, Enrique-
Subdivisión general Biografías.
9 (RLIN) 66114
830 0# - PUNTO DE ACCESO ADICIONAL DE SERIE-TÍTULO UNIFORME
Título uniforme Alfaquequerías ;
Designación de volumen o secuencia 1
9 (RLIN) 228119
852 ## - LOCALIZACIÓN
Ubicación ES-MaACL
Número de control de estantería L-17725
Sublocalización o colección R.123714
condición física . - Ded. autógr. del autor
Holdings
Estatus retirado Estado de pérdida Fuente del sistema de clasificación o colocación Estado de daño No para préstamo Colección Biblioteca de origen Biblioteca actual Ubicación en estantería Fecha de adquisición Total de préstamos Signatura topográfica completa Código de barras Visto por última vez Precio de reemplazo Tipo de ítem Koha Nota pública
    Clasificación decimal universal     Libros con dedicatorias Biblioteca del Ateneo de Madrid Biblioteca del Ateneo de Madrid Depósito 2 17/01/2008   L-17725 1010551 23/02/2023 23/02/2023 Libro impreso Dedicatoria autógrafa del autor